00686nam a22002177a 4500003000500000005001700005008004100022010001000063011001000073035001000083040000900093100003300102245008700135260003900222300001900261500001100280502009600291650002600387650002600413650002900439CHAP20220329141538.0971013s1981 r 00010 d a69949 a70921 a80475 cCHAP00aLópez Vázquez, Audomaro. aEstudio de la comunidad lacandona e inicio de su explotación agropecuaria bovina aMéxico, D. F. :bEl autor,c1981 a66 h.b: mapas a18-231 aTesis (Médico veterinario zootecnista). -- UNAM. Fac. de Medicina Veterinaria y Zootecnia14aGanaderíaxChiapas.14aGanaderíaxChiapas.14aLacandonesxAgricultura.